Statistics for Biggest Asian Cities on Islands

Click here to take the quiz!

General Stats

  • This quiz has been taken 154 times
  • The average score is 12 of 16

Answer Stats

PopulationCity% Correct
28.9 milJakarta
100%
39.8 milTokyo
100%
24.1 milManila
98%
17.8 milOsaka
96%
6.95 milSingapore
91%
9.05 milTaipei
90%
2.48 milSapporo
82%
4.70 milColombo
81%
10.5 milNagoya
81%
4.78 milSurabaya
68%
6.05 milBandung
64%
3.45 milMedan
57%
2.68 milFukuoka
52%
2.55 milCebu
51%
23.6 milMumbai
47%
2.80 milKaohsiung
33%

Score Distribution

Percentile by Number Answered

Percent of People with Each Score

Your Score History

You have not taken this quiz